| 000 | 00613nam a2200217Ia 4500 | ||
|---|---|---|---|
| 003 | GCL | ||
| 008 | 140319s9999 xx 000 0 ara d | ||
| 040 |
_aGCL / _cGCL |
||
| 082 | 0 | 4 |
_a740 _bم ر |
| 100 | 1 | _aسلمان داود الواسطى | |
| 245 | 1 | 0 |
_aالرسم كيف نتذوقة : عناصر التكوين / _cسلمان داود الواسطى |
| 700 | 1 | _aمالتز , فريدريك | |
| 700 | 1 | _aهادى الطائى | |
| 300 | _a234 ص | ||
| 490 | _a | ||
| 650 | 0 | 4 | _aالفن |
| 650 | 0 | 4 | _aالفنون |
| 650 | 0 | 4 | _aالرسم |
| 650 | 0 | 4 | _aعناصر التكوين |
| 942 |
_2ddc _cBK |
||
| 999 |
_c48349 _d48349 |
||